000 00785nam a2200217Ii 4500
003 JO-AjNU
008 230605s9999||||xx |||||||||||||| ||und||
017 _a2002/5096
040 _aJO-AjNU
_bara
_erda
_cJO-AjNU
041 _aara
050 1 4 _aPJ6696 .F3 2002
100 3 _aتأليف أبي زكريا يحيى بن زكريا الفراء؛ تحقيق عبدالفتاح اسماعيل شلبى، مراجعة على النجدى ناصف,
_eauthor
_926967
245 0 0 _a معاني القرآن 
250 _aط3
264 3 1 _aالقاهرة: دار الكتب المصرية، 2002
300 _aج3، 395ص
336 _atext
_btxt
_2rdacontent
337 _aunmediated
_bn
_2rdamedia
338 _avolume
_bnc
_2rdacarrier
650 4 _aقرآن -- تفسير
_926968
999 _aA10285
_c13853
_d13853